00823nam a22001695i 4500001000700000003000900007005001700016008004100033040002600074100002400100245024800124260007700372300002900449650001700478740008900495852006900584166820ES-MaACL20230906213416.0981002s1884 sp |||| | spa d aCLM bspa cCCPB | 3D1 aUtor, Luis María.10aMemorias leidas en la asociación de agricultores que comprenden influencia del oxígeno del aire en la vinificación ó sea Aireo de los vinos, sus enfermedades, causas que las producen y medios de evitarlas ... / cpor Luis María Utor. aMadrid : b[s.n.], c1884 (fTipografía de Manuel Ginés Hernández) a46 p. : bil. ; c23 cm. 4aViticultura.0 aAireo de los vinos, sus enfermedades, causas que las producen y medios de evitarlas. aES-MaACLjT-380-F-6 z-- Enc. hol. z-- Enc. en un vol. facticio